Tratamiento de aguas residuales por lagunas de estabilización
Guardat en:
| Autor principal: | |
|---|---|
| Format: | Llibre |
| Idioma: | espanyol |
| Publicat: |
Ciudad de México
Alfaomega
1999
|
| Edició: | 3a. ed |
| Col·lecció: | Alfaomega, 403
|
| Matèries: | |
| Etiquetes: |
Afegir etiqueta
Sense etiquetes, Sigues el primer a etiquetar aquest registre!
|
MARC
| LEADER | 00000cam a2200000 a 4500 | ||
|---|---|---|---|
| 001 | UCN3471 | ||
| 003 | CL-VaPUC | ||
| 008 | 010629e19990000MX |||||||||||||||||spa|d | ||
| 020 | |a 9701504038 | ||
| 082 | 0 | 4 | |a 628.351 |b ROM |2 21 |
| 100 | 0 | |a Romero Rojas, Jairo Alberto |e author |9 459992 | |
| 245 | 1 | 0 | |a Tratamiento de aguas residuales por lagunas de estabilización |
| 250 | |a 3a. ed | ||
| 300 | |a 281 p | ||
| 942 | |c BK | ||
| 945 | |d 20010629 00:00:00 |a vberengu | ||
| 260 | |a Ciudad de México |b Alfaomega |c 1999 | ||
| 500 | |a Incluye disquette | ||
| 650 | 0 | |a Aguas residuales |9 262614 | |
| 650 | 0 | |a Agua |9 257149 | |
| 650 | 7 | |a TRATAMIENTO DE LAS AGUAS RESIDUALES |2 CL-VaPUC |9 459993 | |
| 650 | 7 | |a TRATAMIENTO DE DESHECHOS |2 CL-VaPUC |9 451243 | |
| 583 | |a last modification |c 20170301 11:08:59 |k Rodrigo Vera | ||
| 490 | 0 | |a Alfaomega, 403 | |
| 999 | |c 296330 |d 296328 | ||
| 952 | |0 0 |1 0 |4 0 |6 628_351000000000000_ROM_1999 |7 0 |8 A |9 350017 |a BIBING |b BIBING |d 2019-11-20 |i 3735966 |o 628.351 ROM 1999 |p 3735966 |r 2025-01-20 |w 2019-11-20 |y BK |k CCL | ||
| 952 | |0 0 |1 0 |4 0 |6 628_351000000000000_ROM_1999 |7 0 |8 A |9 350018 |a BIBING |b BIBING |d 2019-11-20 |i 3754014 |o 628.351 ROM 1999 |p 3754014 |r 2025-01-20 |w 2019-11-20 |y BK |k CCL | ||
| 952 | |0 0 |1 0 |4 0 |6 628_351000000000000_ROM_1999 |7 0 |8 A |9 350019 |a BIBCUR |b BIBCUR |d 2019-11-20 |i 3847578 |o 628.351 ROM 1999 |p 3847578 |r 2025-04-22 |w 2019-11-20 |y BK |k QUI | ||
| 952 | |0 0 |1 0 |3 erb |4 0 |6 628_351000000000000_ROM_1999 |7 0 |8 A |9 350020 |a BIBING |b BIBING |i 5361400 |l 1 |o 628.351 ROM 1999 |p 5361400 |r 2025-01-20 |s 2023-05-18 |w 2019-11-20 |y BK |z Catalogado en:20170303 |k CCL | ||